| Tag |
First Indicator |
Second Indicator |
Subfields |
| LEADER |
00000cem a2200000Ia 4500 |
| 001 |
in00002449421 |
| 005 |
20151111040905.0 |
| 007 |
aj canzn |
| 008 |
870408s1967 dcuag a f 0 eng d |
| 034 |
1 |
|
|a a
|b 62500
|d W1125230
|e W1123000
|f N0373000
|g N0371500
|
| 035 |
|
|
|a (OCoLC)ocm15501696
|
| 035 |
|
|
|a (OCoLC)15501696
|
| 040 |
|
|
|a IGA
|c IGA
|d NMT
|d OCL
|d OCLCG
|d UPM
|d TXA
|d UtOrBLW
|
| 043 |
|
|
|a n-us-ut
|
| 049 |
|
|
|a TXAM
|
| 050 |
1 |
4 |
|a G3701.C5 svar
|b .U52 I-494
|
| 052 |
|
|
|a 4343
|b K3
|
| 074 |
|
|
|a 0619-G-08
|
| 086 |
0 |
|
|a I 19.91:I-494
|
| 100 |
1 |
|
|a Cashion, W. B.
|q (William Bryan),
|d 1923-
|
| 245 |
1 |
0 |
|a Geologic map of the south flank of the Markagunt Plateau, northwest Kane County, Utah /
|c by W.B. Cashion.
|
| 246 |
3 |
0 |
|a Markagunt Plateau, northwest Kane County, Utah
|
| 255 |
|
|
|a Scale 1:62,500
|c (W 112⁰52ʹ30ʺ--W 112⁰00ʹ00ʺ/N 37⁰30ʹ00ʺ--N 37⁰15ʹ00ʺ)
|
| 264 |
|
1 |
|a Washington, D.C. :
|b U.S. Geological Survey,
|c 1967.
|
| 300 |
|
|
|a 1 map :
|b color ;
|c 45 x 53 cm., folded in envelope 30 x 24 cm.
|
| 336 |
|
|
|a cartographic image
|b cri
|2 rdacontent
|
| 337 |
|
|
|a unmediated
|b n
|2 rdamedia
|
| 338 |
|
|
|a sheet
|b nb
|2 rdacarrier
|
| 490 |
1 |
|
|a Miscellaneous geologic investigations ;
|v map I-494
|
| 500 |
|
|
|a Relief shown by contour lines and spot heights.
|
| 500 |
|
|
|a "Geology by W.B. Cashion assisted by C.T. Sumsion, 1953 ..."
|
| 504 |
|
|
|a Includes location map, cross section, stratigraphic section, and bibliography.
|
| 500 |
|
|
|a Cartographic material.
|
| 650 |
|
0 |
|a Geology
|z Utah
|z Kane County
|v Maps.
|
| 710 |
2 |
|
|a Geological Survey (U.S.)
|
| 830 |
|
0 |
|a Miscellaneous geologic investigations ;
|v map I-494.
|
| 994 |
|
|
|a C0
|b TXA
|
| 948 |
|
|
|a cataloged
|b h
|c 2009/06/22
|e mansari
|f 04:50:47 pm
|
| 999 |
|
|
|a MARS
|
| 999 |
f |
f |
|s 4086e455-a59f-39c8-9688-d359da66076b
|i aa823df0-e619-3deb-89f9-31234b0dcca8
|t 0
|
| 952 |
f |
f |
|p normal
|a Texas A&M University
|b College Station
|c Sterling C. Evans Library
|d Evans: Maps File (2nd floor)
|t 0
|e I 19.91:I-494
|h Superintendent of Documents classification
|i unmediated -- sheet
|m A14816691581
|
| 998 |
f |
f |
|a I 19.91:I-494
|t 0
|l Evans: Maps File (2nd floor)
|